Anteproyecto Arquitectónico de una residencia urbana, en la ciudad de San Rafael del Sur, departamento de Managua
Presenta la elaboración de un anteproyecto arquitectónico habitacional residencial, identificando las potencialidades y limitantes para el emplazamiento del anteproyecto, mediante la realización del análisis del contexto urbano.
| Main Author: | |
|---|---|
| Other Authors: | |
| Format: | Tesis Section = Libro |
| Language: | Undetermined Spanish |
| Published: |
Managua
UNI
2023
|
| Subjects: |
| LEADER | 01078nam a2200253Ia 4500 | ||
|---|---|---|---|
| 008 | 240830s9999 xx 000 0 und d | ||
| 040 | |a BIBLIOTECA-RUSB/ Mon 727.3 R672 | ||
| 041 | |a spa | ||
| 082 | |a Mon 727.3 R672 | ||
| 100 | 1 | |a Rocha Blandón, Rolando | |
| 245 | 1 | 0 | |a Anteproyecto Arquitectónico de una residencia urbana, en la ciudad de San Rafael del Sur, departamento de Managua |
| 260 | |a Managua |b UNI |c 2023 | ||
| 300 | |a 76 p. :il. | ||
| 500 | |a Contiene: anexos y CD | ||
| 502 | |a Tesis (Arquitecto) - UNI, 2023. | ||
| 520 | 3 | |a Presenta la elaboración de un anteproyecto arquitectónico habitacional residencial, identificando las potencialidades y limitantes para el emplazamiento del anteproyecto, mediante la realización del análisis del contexto urbano. | |
| 650 | 7 | |a DISEÑO ARQUITECTONICO - RESIDENCIA URBANA | |
| 650 | 7 | |b ARQUITECTURA - DISEÑOS Y PLANOS | |
| 650 | 7 | |c DETALLES ARQUITECTONICOS | |
| 650 | 7 | |d PRESUPUESTO - VIVIENDA | |
| 700 | 1 | |a Tutor: |b Zelaya González, Johana del Carmen | |
| 942 | |c BK |2 ddc | ||
| 991 | |a TESIS | ||
| 999 | |c 27783 | ||